000 00346nam a2200145Ia 4500
005 20250603144631.0
008 250603s9999 xx 000 0 und d
245 0 _aCentral Bank of Nigeria : statistical bulletin
260 _aAbuja
260 _bCentral Bank of Nigeria
260 _c2012
300 _a288 p
650 _aAbuja
942 _cBK
999 _c39499
_d39499